| 000 | 01719nam a22002417a 4500 | ||
|---|---|---|---|
| 999 |
_c63179 _d63179 |
||
| 003 | Ge_BSU | ||
| 005 | 20250619110601.0 | ||
| 008 | 250619s2020 ge ||||| |||| 00| 0 geo d | ||
| 020 | _a9789941964701 | ||
| 041 | _ageo | ||
| 080 | _a347.4(478.22)(075.8) ბ-73 | ||
| 100 |
_aბიჭია, მიხეილ _98142 |
||
| 245 |
_aკანონისმიერი ვალდებულებითი ურთიერთობები : _b(დამხმარე სახელმძღვანელო) : საზიარო უფლებები, დავალების გარეშე სხვისი საქმეების შესრულება, უსაფუძვლო გამდიდრება, დელიქტური ვალდებულებები / _cმიხეილ ბიჭია; რედაქტორები: მარიამ ცისკაძე, ზურაბ ძლიერიშვილი. |
||
| 250 | _aმე-3 გადამუშავებული გამოცემა | ||
| 264 |
_aთბილისი : _bბონა კაუზა, _c2020. |
||
| 300 |
_a586 გვ. ; _b20 სმ. |
||
| 490 | _aიურისტის ბიბლიოთეკა | ||
| 504 | _aბიბლიოგრაფია: გვ. 546-585 და ტექსტის შენიშვნებში. | ||
| 653 | _aვალდებულებითი სამართალი | ||
| 700 |
_aცისკაძე, მარიამ _eრედაქტორი _98143 |
||
| 700 |
_aძლიერიშვილი, ზურაბ _eრედაქტორი _98152 |
||
| 942 |
_2udc _cᲬᲘᲒᲜᲘ |
||